E-komunikačné nástroje v personálnom marketingu diplomová práca

Salvato in:
Dettagli Bibliografici
Autore principale: Jantoláková, Denisa
Ente Autore: Fakulta podnikového manažmentu EU. Katedra manažmentu
Altri autori: Szarková, Miroslava, 1951-
Natura: Libro
Lingua:slovacco
Pubblicazione: Bratislava 2018
Tags: Aggiungi Tag
Nessun Tag, puoi essere il primo ad aggiungerne!!

MARC

LEADER 00000nbm a2200000 4500
001 0244766
005 20180920130540.3
041 0 |a slo 
044 |a SK 
245 1 0 |a E-komunikačné nástroje v personálnom marketingu  |b diplomová práca  |c Denisa Jantoláková ; školiteľ: Miroslava Szarková 
264 1 |a Bratislava  |c 2018 
300 |a 77 s. 
100 1 |a Jantoláková, Denisa 
700 1 |a Szarková, Miroslava, 1951- 
710 2 |a Fakulta podnikového manažmentu EU. Katedra manažmentu